000 00453 a2200169 4500
003 Nust
005 20170207153340.0
040 _cNust
082 _a005.1
100 _aMahmood , Asif Jalil Capt BESE-01
245 _aTo Develop Computerized Library System for Military College of Signals
_cCapt Asif Jalil Mahmood , BESE-01
260 _bMCS
_c1999
300 _a104p
538 _aT4 And Shelf No 2
650 _aUG Projects
651 _aUG CS Projects
942 _cTHS
999 _c184278
_d184278